Борхүү Одхүү Төмөрхүү гурвын адал явдал (Бичлэгийн дугаар. 842023)

MARC дэлгэрэнгүй
000 -Удирдлага
Ном зүйн бүртгэл тоо буюу кодлох утгыг агуулсан 00909nam a22002417a 4500
008 - ЕРӨНХИЙ МЭДЭЭЛЭЛ-ЭЛЕМЕНТҮҮДИЙН ӨГӨГДЛИЙН УРТ
fixed length control field 240608b mp ||||| |||| 00| 0 mon d
020 ## - ОЛОН УЛСЫН СТАНДАРТ НОМЫН ДУГААР-ISBN
Олон Улсын Стандарт Номын Дугаар 978-9997-885-715
035 ## - СИСТЕМИЙН ХЯНАЛТЫН ДУГААР
Системийн хяналтын дугаар 17120
040 ## - ЭХ СУРВАЛЖИЙГ ТОДОРХОЙЛОН БИЧИХ
Анхны каталогийн байгууллага DU1548031
Каталогийн хэл Монгол
Бичлэг хийж нэвтрүүлэх байгууллага MN-UlNLM
Өөрчлүүлэх байгууллага MN-UlNLM
Бичиглэлийн тодорхойлолт rda
041 ## - ХЭЛНИЙ КОД
Текстийн хэлний код/фонограм буюу салангид гарчиг Монгол
042 ## - AUTHENTICATION CODE
Authentication code 41546
084 ## - БУСАД АНГИЛЛЫН ДУГААР
Ангиллын нэр Номын сан номзүйн ангилал
Анги 82.3(5Мон)
Зохиогчийн 3-н тэмдэгт Ө-741
100 ## - ЗОХИОГЧИЙН ХЭСЭГ
Зохиогчийн нэр Өлзийпүрэв Д.
245 #0 - ҮНДСЭН ГАРЧИГ
Гарчиг Борхүү Одхүү Төмөрхүү гурвын адал явдал
264 ## - ГАРАЛТЫН МЭДЭЭ
Хэвлэгдсэн газар Улаанбаатар
Хэвлэгдсэн он 2017
300 ## - ТООНЫ МЭДЭЭ
Хуудасны тоо 24
336 ## - АГУУЛГЫН ТӨРӨЛ
Нөөц rdacontent
Агуулгын төрлийн нөхцөл text
Агуулгын төрлийн код txt
337 ## - MEDIA TYPE
Эх сурвалж rdamedia
Файлын төрөл unmediated
Файлын код n
338 ## - CARRIER TYPE
Source rdacarrier
Carrier type term volume
Carrier type code nc
490 ## - БОТИЙН/ЦУВРАЛЫН ТУХАЙ МЭДЭЭ
Ботийн/Цувралын дугаар 5
650 ## - Сэдэв
Сэдэв Хүүхдийн зурагтай инээдмийн зурагтай, хүүхдийн, хошин шог Гарчиг: Алсын тооцоолуурт удирдлага, Хувиргагч, Дуусдаггүй үзэг ...
942 ## - ЭЛЕМЕНТИЙН ТӨРӨЛ
Анги Номын сан номзүйн ангилал
Төрөл Ном
Захиалгууд
Буцаан татагдсан төлөв Хасагдсан шалтгаан Гэмтсэн төлөв Данс заагч Захиалах боломжгүй Үндсэн номын сан Одоогийн байршил Салбар танхим Салбар танхим Бүртгэсэн огноо Тавиурын заалт Баркод Үнэ Хамгийн сүүлд байсан огноо Нийт уншлаганд гарсан тоо Дансны дугаар Төрөл
          Дундговь Дундговь Дундговь | Хүүхдийн уншлагын танхим Дундговь | Хүүхдийн уншлагын танхим 2024-06-09 82.3(5Мон) Ө-741 DU15417120-4-1 3600.00 2024-06-09   87841 Ном